Стратегическое управление: учебное пособие для вузов

Dades bibliogràfiques
Autor principal: Веснин В. Р. Владимир Рафаилович
Altres autors: Кафидов В.В. Валерий Викторович
Sumari:В учебном пособии изложены классические основы стратегического менеджмента и основы стратегического управления городом. В качестве методологии использованы основные положения теории стратегического управления, градоведения и маркетинга мест. Учебное пособие адресовано студентам, обучающимся по специальностям направления «Менеджмент», аспирантам и слушателям системы повышения квалификации государственных и муниципальных служащих, а также всем интересующимся вопросами
Idioma:rus
Publicat: Санкт-Петербург, Питер, 2009
Col·lecció:Учебное пособие
Matèries:
Format: Llibre
KOHA link:https://koha.lib.tpu.ru/cgi-bin/koha/opac-detail.pl?biblionumber=157853

MARC

LEADER 00000nam0a2200000 4500
001 157853
005 20231101222008.0
010 |a 9785388006097  |b (в пер.)  |b 3000 экз. 
021 |a RU  |b 08-104725  |9 08-6171 
035 |a (RuTPU)RU\TPU\book\171218 
090 |a 157853 
100 |a 20090224d2009 m y0rusy5002 ca 
101 0 |a rus 
102 |a RU 
105 |a a j 000zy 
200 1 |a Стратегическое управление  |e учебное пособие для вузов  |f В. Р. Веснин, В. В. Кафидов 
210 |a Санкт-Петербург  |c Питер  |d 2009 
215 |a 256 с.  |c ил. 
225 1 |a Учебное пособие 
330 |a В учебном пособии изложены классические основы стратегического менеджмента и основы стратегического управления городом. В качестве методологии использованы основные положения теории стратегического управления, градоведения и маркетинга мест. Учебное пособие адресовано студентам, обучающимся по специальностям направления «Менеджмент», аспирантам и слушателям системы повышения квалификации государственных и муниципальных служащих, а также всем интересующимся вопросами 
451 1 |0 (RuTPU)RU\TPU\book\112069  |y 5-98032-531-X  |t Стратегическое управление  |o учебник для вузов  |f В. Р. Веснин  |c М.  |n Проспект  |d 2006  |p 328 с.  |a Веснин, Владимир Рафаилович 
606 1 |a Стратегический менеджмент  |2 stltpush  |3 (RuTPU)RU\TPU\subj\66055  |9 82290 
610 1 |a менеджмент 
610 1 |a стратегическое управление 
610 1 |a стратегический выбор 
610 1 |a стратегический анализ 
610 1 |a SWOT-анализ 
610 1 |a внутренняя среда 
610 1 |a портфельные методы 
610 1 |a портфельные матрицы 
610 1 |a конкурентные преимущества 
610 1 |a конкурентные стратегии 
610 1 |a стратегическое позиционирование 
610 1 |a стратегическое планирование 
610 1 |a стратегические преобразования 
610 1 |a города 
610 1 |a управление 
610 1 |a безопасность 
610 1 |a развитие 
610 1 |a маркетинговый подход 
610 1 |a учебные пособия 
686 |a У9(2)212я73  |v LBC/SL-A  |2 rubbk 
700 1 |a Веснин  |b В. Р.  |g Владимир Рафаилович  |4 070 
701 1 |a Кафидов  |b В.В.  |g Валерий Викторович  |4 070 
801 1 |a RU  |b 63413507  |c 20090415  |g PSBO 
801 2 |a RU  |b 63413507  |c 20150825  |g PSBO 
900 |a Стратегический менеджмент 
900 |a Конкурентные стратегии в менеджменте 
942 |c BK 
951 |b 080507 
959 |a 49/20090413  |d 2  |e 140,00  |f АНЛ:1  |f ЧЗГЛ:1 
959 |a 91/20130515  |d 5  |e 223,00  |f УФ:5